<?xml version="1.0" encoding="UTF-8"?>
<record
    xmlns:xsi="http://www.w3.org/2001/XMLSchema-instance"
    xsi:schemaLocation="http://www.loc.gov/MARC21/slim http://www.loc.gov/standards/marcxml/schema/MARC21slim.xsd"
    xmlns="http://www.loc.gov/MARC21/slim">

  <leader>01226nam a22002537a 4500</leader>
  <controlfield tag="008">150826b2002    mx a|||f |||| 00| 0 spa d</controlfield>
  <datafield tag="020" ind1=" " ind2=" ">
    <subfield code="a">970-15-0823-8</subfield>
  </datafield>
  <datafield tag="040" ind1=" " ind2=" ">
    <subfield code="a">RDA</subfield>
  </datafield>
  <datafield tag="050" ind1=" " ind2=" ">
    <subfield code="a">QA76.76O63 P4527 2002</subfield>
  </datafield>
  <datafield tag="100" ind1="1" ind2="0">
    <subfield code="a">P&#xC9;REZ L&#xF3;pez, C&#xE9;sar</subfield>
    <subfield code="d">,autor</subfield>
  </datafield>
  <datafield tag="245" ind1="1" ind2="0">
    <subfield code="a">Gu&#xED;a de campo Microsoft Windows XP Professional</subfield>
    <subfield code="c">/ C&#xE9;sar P&#xE9;rez L&#xF3;pez</subfield>
  </datafield>
  <datafield tag="246" ind1="1" ind2="0">
    <subfield code="a">Microsoft Windows XP professional</subfield>
  </datafield>
  <datafield tag="260" ind1=" " ind2=" ">
    <subfield code="a">Mexico </subfield>
    <subfield code="b">: Alfaomega- Ra--Ma</subfield>
    <subfield code="c">c2002</subfield>
  </datafield>
  <datafield tag="300" ind1=" " ind2=" ">
    <subfield code="a">338paginas.</subfield>
    <subfield code="b">il.</subfield>
    <subfield code="c">16cm.</subfield>
  </datafield>
  <datafield tag="337" ind1=" " ind2=" ">
    <subfield code="a">Texto </subfield>
  </datafield>
  <datafield tag="338" ind1=" " ind2=" ">
    <subfield code="a">Sin medio</subfield>
  </datafield>
  <datafield tag="339" ind1=" " ind2=" ">
    <subfield code="a">Volumen</subfield>
  </datafield>
  <datafield tag="500" ind1=" " ind2=" ">
    <subfield code="a">Edicion original publicada por RA-MA Editorial</subfield>
  </datafield>
  <datafield tag="502" ind1=" " ind2=" ">
    <subfield code="a">Contiene Indice Alfab&#xE9;tico</subfield>
  </datafield>
  <datafield tag="505" ind1=" " ind2=" ">
    <subfield code="a">Introducci&#xF3;n 

Capitulo 1: Instalaci&#xF3;n y novedades
Capitulo 2: Primeros pasos
Capitulo 3: Archivos y carpetas
Capitulo 4: Trabajar con programas
Capitulo 5: Personalizar el equipo
Capitulo 6: Hardware 
Capitulo 7: Impresi&#xF3;n 
Capitulo 8: Redes
Capitulo 9: Internet explorer 6
Capitulo 10: Seguridad y administraci&#xF3;n
Capitulo 11: Administraci&#xF3;n del equipo
Capitulo 12: Accesorios y multimedia

Indice Alfab&#xE9;tico</subfield>
  </datafield>
  <datafield tag="650" ind1=" " ind2=" ">
    <subfield code="a"> MICROSOFT - WINDOWS</subfield>
    <subfield code="v">Programa para computadora</subfield>
  </datafield>
  <datafield tag="650" ind1=" " ind2=" ">
    <subfield code="a">Sistemas operativos </subfield>
    <subfield code="v">(Computadoras)</subfield>
  </datafield>
  <datafield tag="942" ind1=" " ind2=" ">
    <subfield code="2">lcc</subfield>
    <subfield code="c">LB</subfield>
  </datafield>
  <datafield tag="952" ind1=" " ind2=" ">
    <subfield code="0">0</subfield>
    <subfield code="1">0</subfield>
    <subfield code="2">lcc</subfield>
    <subfield code="4">0</subfield>
    <subfield code="7">0</subfield>
    <subfield code="a">12</subfield>
    <subfield code="b">12</subfield>
    <subfield code="d">2015-08-26</subfield>
    <subfield code="l">1</subfield>
    <subfield code="o">QA76.76O63 P4527 2002</subfield>
    <subfield code="p">12 000263</subfield>
    <subfield code="r">2015-04-22</subfield>
    <subfield code="s">2015-02-10</subfield>
    <subfield code="t">1</subfield>
    <subfield code="w">2012-11-01</subfield>
    <subfield code="y">LB</subfield>
  </datafield>
  <datafield tag="999" ind1=" " ind2=" ">
    <subfield code="c">88094</subfield>
    <subfield code="d">88094</subfield>
  </datafield>
</record>
